Effectif Bayer Leverkusen (2025-2026) - Statistiques

Statistiques générales
  • Ce quiz a été pris 8 fois
  • Le résultat moyen est 20 sur 34
Statistiques - réponses
Numéro Poste Nationalité Nom % Correct
20 DG Espagne Alex Grimaldo
100%
12 DC Burkina Faso Edmond Tapsoba
100%
5 DC France Loïc Badé
100%
14 BU République Tchèque Patrik Schick
100%
24 MC Espagne Aleix Garcia
83%
35 BU Cameroun Christian Kofane
83%
17 AG Maroc Eliesse Ben Seghir
83%
25 MC Argentine Exequiel Palacios
83%
30 MOC Algérie Ibrahim Maza
83%
4 DC Angleterre Jarell Quansah
83%
10 MOC Etats-Unis Malik Tillman
83%
1 G Pays-Bas Mark Flekken
83%
11 AG France Martin Terrier
83%
8 MDC Allemagne Robert Andrich
83%
13 DD Brésil Arthur
67%
19 AD Pays-Bas Ernest Poku
67%
7 MOC Allemagne Jonas Hofmann
67%
18 G Suisse Jonas Omlin
67%
21 DD Espagne Lucas Vazquez
67%
23 AD Nigeria Nathan Tella
67%
16 DC France Axel Tape
50%
6 MDC Argentine Ignacio Fernandez
50%
- Coach Danemark Kasper Hjulmand
50%
28 G Allemagne Janis Blaswich
33%
36 G Allemagne Niklas Lomb
33%
46 DC Allemagne Ferdinand Pohl
17%
41 DC Mali Issa Traoré
17%
27 MOC Allemagne Jeremiah Mensah
17%
42 AD Allemagne Montrell Culbreath
17%
45 MC Allemagne Naba Mensah
17%
15 DC Allemagne Tim Oermann
17%
43 DC Allemagne Ben Hawighorst
0%
47 BU Allemagne Emmanuel Owen
0%
40 G Allemagne Jesper Schlich
0%
Aucun quiz correspondant
Distribution des résultats
% des personnes avec chaque résultat
Percentile par nombre de réponses
Votre historique - résultats
Vous n’avez pas pris ce quiz